Riadenie inovačných procesov a faktory úspešnosti inovačných aktivít firiem v SR habilitačná prednáška

Salvato in:
Dettagli Bibliografici
Autore principale: Knošková, Ľubica, 1965-
Ente Autore: Ekonomická univerzita v Bratislave. Obchodná fakulta
Natura: Libro
Lingua:slovacco
Pubblicazione: Bratislava Vydavateľstvo EKONÓM 2015
Edizione:1. vyd.
Serie:Habilitačné a inauguračné prednášky
Soggetti:
Tags: Aggiungi Tag
Nessun Tag, puoi essere il primo ad aggiungerne!!

MARC

LEADER 00000nam$a2200000$$$4500
001 0203881
005 20240502073415.2
020 |a 978-80-225-4089-6 
041 0 |a slo 
044 |a SK 
245 1 0 |a Riadenie inovačných procesov a faktory úspešnosti inovačných aktivít firiem v SR  |b habilitačná prednáška  |c Ľubica Knošková 
250 |a 1. vyd. 
264 1 |a Bratislava  |b Vydavateľstvo EKONÓM  |c 2015 
300 |a 91 s. 
490 1 |a Habilitačné a inauguračné prednášky 
830 0 |a Habilitačné a inauguračné prednášky 
610 2 0 |a inovácia 
610 2 0 |a riadenie 
610 2 0 |a podnikanie 
100 1 |a Knošková, Ľubica, 1965- 
710 2 |a Ekonomická univerzita v Bratislave. Obchodná fakulta